000 00532nam a2200181Ia 4500
003 GCL
008 140319s9999 xx 000 0 ara d
040 _aGCL /
_cGCL
082 0 4 _a818.81
_bم ر
100 1 _aمحمد حسيب القاضى
245 1 0 _aالرماد الصباحى: شعر /
_cمحمد حسيب القاضى
260 _a[S.N] :
_bدار المستقبل العربى ،
_c1989
300 _a86 ص
490 _a
650 0 4 _aالشعر العربى
650 0 4 _aالشعر الغزلى
942 _2ddc
_cBK
999 _c35800
_d35800